000 00467nam a2200169Ia 4500
003 GCL
008 140319s9999 xx 000 0 ara d
040 _aGCL /
_cGCL
082 0 4 _aد
_b050
100 1 _aفؤاد صروف
245 1 0 _aمذبح المريخ ( اقرا 3 ) /
_cفؤاد صروف
300 _a150 ص
490 _aوثائق ونصوص
_v0
650 0 4 _aالحضارة الاسلامية
650 0 4 _aالحرب والحضارة
942 _2ddc
_cCF
999 _c27313
_d27313